| 000 | 00571nam a2200205 a 4500 | ||
|---|---|---|---|
| 001 | 000013535 | ||
| 005 | 20240412074239.0 | ||
| 008 | 091125s1983 dr 001 0 spa d | ||
| 040 |
_aDO-SdBNP _bspa _cBNPHU |
||
| 082 |
_aRD864.44 _bL817 |
||
| 100 | 1 |
_aLockward, Angel, _911034 |
|
| 245 | 1 | 0 |
_aImpresiones / _cAngel G. Lockward M. |
| 260 |
_aSanto Domingo : _bEducativa Dominicana, _c1983. |
||
| 300 |
_a115 p. ; _c22 cm. |
||
| 490 | 1 | _aCETEC | |
| 650 | 4 |
_aEnsayos dominicano _925146 |
|
| 650 | 0 |
_aLiteratura dominicana. _967 |
|
| 830 | 0 |
_aCETEC _930869 |
|
| 049 | _aBNPD | ||
| 999 |
_c13158 _d13158 |
||